Detalles MARC
| 000 -LIDER |
| fixed length control field |
01237nam a2200337 a 4500 |
| 001 - NÚMERO DE CONTROL |
| Identificador de número de control |
000007137 |
| 003 - IDENTIFICACDOR DE NÚMERO DE CONTROL |
| control field |
DO-SdBNP |
| 005 - DATE AND TIME OF LATEST TRANSACTION |
| control field |
20240320131416.0 |
| 007 - CAMPOS FIJOS DE DESCRIPCIÓN FÍSICA |
| fixed length control field |
000007137 |
| 008 - ELEMENTOS DE LONGITUD FIJA |
| fixed length control field |
090717s2013 mx 001 0 spa d |
| 020 ## - ISBN |
| Canceled/invalid ISBN |
9789681638924 |
| 040 ## - FUENTE DE CATALOGACIÓN |
| Agencia que crea de manera original el registro |
BPMSU |
| Idioma de catalogación |
spa |
| Agencia que realiza la transcripción |
BPMSU |
| 082 #4 - NÚMERO DE CLASIFICACIÓN DECIMAL DE DEWEY |
| Classification number |
910.014 |
| Item number |
T554h 2013 |
| Edition number |
22 |
| 100 1# - ASIENTO PRINCIPAL -- NOMBRE PERSONAL |
| Nombre personal |
Tibón, Gutierre, |
| Fechas asociadas con el nombre |
1905-1999. |
| 245 10 - MENCIÓN DE TITULO |
| Título |
Historia del nombre y de la fundación de México / |
| Mención de responsabilidad |
Tibón Gutierre ; prólogo de Jacques Soustelle. |
| Subtítulo |
|
| 250 ## - MENCIÓN DE EDICION |
| Mención de edición |
3a. ed. |
| Mención de responsabilidad relacionada con la edición |
Revisada y aumentada. |
| 260 ## - PUBLICACIÓN, DISTRIBUCIÓN, ETC. (PIE DE IMPRENTA) |
| Lugar de publicación, distribución, etc |
México : |
| Nombre del editor, distribuidor, etc. |
Fondo de Cultura Económica ; |
| Fecha de publicación, distribución, etc |
2013 |
| Nombre del editor, distribuidor, etc. |
|
| 300 ## - DESCRIPCIÓN FÍSICA |
| Extensión |
893 p. : |
| Otros detalles físicos |
il., mapas ; |
| Dimensiones |
23 cm. |
| 490 0# - MENCIÓN DE SERIES |
| Mención de serie |
Sección de obras de historia |
| 500 ## - NOTA GENERAL |
| Nota general |
Incluye datos biográficos del autor en la solapa de la cubierta |
| 500 ## - NOTA GENERAL |
| Nota general |
Incluye referencias bibliográficas y notas al pie de las páginas |
| 500 ## - NOTA GENERAL |
| Nota general |
Incluye índice. |
| 590 ## - NOTA LOCAL |
| Texto de la nota local |
Inventariado, 2024/VM |
| 650 #4 - ENCABEZAMIENTO DE MATERIA--TEMÁTICO |
| Término temático o nombre geográfico como elemento de entrada |
Toponimia |
| Subdivisión geográfica |
México |
| Subdivisión temática general |
Historia |
| 650 #4 - ENCABEZAMIENTO DE MATERIA--TEMÁTICO |
| Término temático o nombre geográfico como elemento de entrada |
Nombres geográficos |
| Subdivisión geográfica |
México |
| Subdivisión temática general |
Historia |
| 651 #4 - ENCABEZAMIENTO DE MATERIA--NOMBRE GEOGRÁFICO |
| Nombre geográfico |
México |
| Subdivisión temática general |
Historia |
| Subdivisión cronológica |
|
| 700 1# - ASIENTO SECUNDARIO -- NOMBRE PERSONAL |
| Nombre personal |
Soustelle, Jacques |
| Mención de responsabilidad |
prólogo |
| 710 2# - ASIENTO SECUNDARIO -- NOMBRE CORPORATIVO |
| Nombre corporativo o de jurisdicción |
Fondo de Cultura Económica (México) |
| 910 ## - VALIDACIÓN |
| Validación |
VMateo V. Control de calidad BPMSU |
| 942 ## - ADDED ENTRY ELEMENTS (KOHA) |
| Source of classification or shelving scheme |
Dewey Decimal Classification |
| Koha item type |
Libros |